00850cac a22002295a 4500001000800000005001700008008004100025020001800066040002800084082001900112100002600131245004900157260007400206300003400280500002400314504004100338650003900379653003700418942000800455999001700463952014000480292529120151206130731.0890404t2014 ii a frb 001 0 eng d a9789382332718 aDLCcDLCdEG-ScBUEbeng04a005.1222bCHO1 aChopra, Rajiv.93883600aModern software engineering /cRajiv Chopra. aNew Delhi :bI. K. International Publishing House Pvt. Ltd.,cc.2014. axii, 629 p. :bill. ;c24 cm. aIndex : p. 625-629. aIncludes bibliographical references. 7aSoftware engineering.2BUEsh93832 bCOMSCIcAugust2015cDecember2015 2ddc c20584d20556 00102ddc40708BaccahaMAINbMAINcLOWd2015-08-18ePurchaseg219.00h21759l0o005.1 CHOp000030828r2025-07-15 00:00:00v274.00yBB